000 00278nam a2200109Ia 4500
008 230907s9999||||xx |||||||||||||| ||und||
082 _a620.115
_bOXI
245 0 _aOxide thin films, multilayers, and nanocomposites /
260 _a2015.
_bBK
_c0
300 _a316 p.
942 _cBK
999 _c597484
_d597484